Vplyv monetárnej a fiškálnej politiky na hospodársky cyklus
Makroekonomické dôsledky recesie a expanzie. Fiškálna a monetárna politika v Slovenskej republike a ekonomický cyklus. Fiškálne multiplikátory a ich účinky na ekonomický cyklus. Hospodárskopolitické odporúčania.
Enregistré dans:
| Auteur principal: | |
|---|---|
| Format: | Chapitre de livre |
| Langue: | slovaque |
| Sujets: | |
| Tags: |
Pas de tags, Soyez le premier à ajouter un tag!
|
MARC
| LEADER | 00000nla a2200000 4500 | ||
|---|---|---|---|
| 001 | 0240575 | ||
| 005 | 20240712105859.8 | ||
| 041 | 0 | |a slo | |
| 044 | |a SK | ||
| 245 | 1 | 0 | |a Vplyv monetárnej a fiškálnej politiky na hospodársky cyklus |c Marta Martincová |
| 520 | |a Makroekonomické dôsledky recesie a expanzie. Fiškálna a monetárna politika v Slovenskej republike a ekonomický cyklus. Fiškálne multiplikátory a ich účinky na ekonomický cyklus. Hospodárskopolitické odporúčania. | ||
| 610 | 2 | 0 | |a politika menová |
| 610 | 2 | 0 | |a politika fiškálna |
| 610 | 2 | 0 | |a cykly hospodárske |
| 610 | 2 | 0 | |a recesia |
| 610 | 2 | 0 | |a hladina cenová |
| 610 | 2 | 0 | |a inflácia |
| 610 | 2 | 0 | |a politika daňová |
| 100 | 1 | |a Martincová, Marta, 1955- | |